| 000 | 00849nam a22002537a 4500 | ||
|---|---|---|---|
| 999 |
_c21152 _d21152 |
||
| 003 | AR-CdUCM | ||
| 008 | 190220b ||||| |||| 00| 0 spa d | ||
| 020 | _a9786120035351 | ||
| 040 |
_aMUNICIPALIDAD PROVINCIAL DEL CUSCO _cBIBLIOTECA MUNICIPAL DEL CUSCO |
||
| 082 |
_a865.51 / Y12 _bY12 |
||
| 100 |
_aYábar Villasante, Ernesto Hermenegildo _944175 |
||
| 245 |
_aPoemas del Antisuyu / _cErnesto H. Yábar Villasante |
||
| 260 |
_aCusco : _bEcoPrint, _c2018. |
||
| 300 |
_a106 paginas ; _c20 cm. |
||
| 505 | _aContenido: Poemas de amor y esperanza a Paucartambo ... | ||
| 650 |
_aLiteratura cusqueña _944176 |
||
| 650 |
_aLiteratos cusqueños _944145 |
||
| 650 |
_aPoemas _944177 |
||
| 650 |
_aPoetas cusqueños _95956 |
||
| 650 |
_aProvincia de Paucartambo _944178 |
||
| 650 |
_aCusco Perú _944179 |
||
| 942 |
_2ddc _cLIBROS |
||
| 945 | _aRoel | ||